00599nam a2200157Ia 4500008004100000082001900041100002100060245009900081260003300180300001100213500004400224650003200268700003100300952009300331999001700424120622s9999 xx 000 0 und d a658.4013 L742a aLindberg, Roy A. aAuditoría de operaciones / Roy A. Lindberg, Theodore Cohn ; tr. Ricardo Vinós Cruz López aMéxico : Editora Técnica a366 p. aTítulo original: Operations auditings a1. AUDITORIA ADMINISTRATIVA aCohn, Theodore ; coaut.Ì 00104070a01b01d2007-01-25l0o658.4013 L742Ap01 000945r2012-06-24w2012-06-24yLB c58973d58973